000 00678nam a2200241Ia 4500
003 OSt
005 20220924114643.0
006 a|||||r|||| 00| 0
007 ta
008 220923b |||||||| |||| 00| 0 mar d
024 _a43539
037 _cTextual
040 _aARTS
_cARTS
_bmar
041 _2mar
_amar
082 _aO155,3N27,VH, 111N4
100 _aMadgulkar Vyankatesh
_9174684
245 0 _aVillage had no walls
260 _aBombay
_bPopular Prakashan India
_c1994
300 _axi,133p.
_ccm.
650 _aMARATHI LITERATURE
_938000
942 _hO155,3N27,VH, 111N4
_cTEXL
_2CC
999 _c394653
_d394653